Commission Three and Seven Newsletter (Record no. 118680)

MARC details
000 -LEADER
fixed length control field 00530cas a22001935a 4500
001 - CONTROL NUMBER
control field S32
008 - FIXED-LENGTH DATA ELEMENTS--GENERAL INFORMATION
fixed length control field 070627c1988 sw fr p 0 a0eng
035 ## - SYSTEM CONTROL NUMBER
System control number (Sirsi) u99167
041 0# - LANGUAGE CODE
Language code of text/sound track or separate title eng
110 2# - MAIN ENTRY--CORPORATE NAME
Corporate name or jurisdiction name as entry element Federation Internationale des Geometres
9 (RLIN) 5065
245 00 - TITLE STATEMENT
Title Commission Three and Seven Newsletter
260 ## - PUBLICATION, DISTRIBUTION, ETC.
Place of publication, distribution, etc. Lund
Name of publisher, distributor, etc. FIG
Date of publication, distribution, etc. 1988-
362 0# - DATES OF PUBLICATION AND/OR SEQUENTIAL DESIGNATION
Dates of publication and/or sequential designation (1) June 1988-(18) December 1998
554 ## -
-- Two per year
651 #4 - SUBJECT ADDED ENTRY--GEOGRAPHIC NAME
Geographic name International
690 ## - LOCAL SUBJECT ADDED ENTRY--TOPICAL TERM (OCLC, RLIN)
Topical term or geographic name as entry element ENVIRONMENTAL AND LAND CONSULTANCY
942 ## - ADDED ENTRY ELEMENTS (KOHA)
Suppress in OPAC 0
948 ## - LOCAL PROCESSING INFORMATION (OCLC); SERIES PART DESIGNATOR (RLIN)
c (OCLC) 08/02/1994
Holdings
Withdrawn status Lost status Source of classification or shelving scheme Damaged status Not for loan Home library Current library Shelving location Date acquired Total Checkouts Full call number Barcode Date last seen Price effective from Koha item type
    Other/Generic Classification Scheme     London London Basement 27/06/2007   COMMISSION 3 AND 7 NEWSLETTER 99167-1001 06/08/2019 06/08/2019 Journal